[Event "WchT 3rd"]
[Site "Luzern"]
[Date "1993.??.??"]
[Round "6.2"]
[White "Brunner, Lucas"]
[Black "Petursson, Margeir"]
[Result "1/2-1/2"]
[WhiteElo "2475"]
[BlackElo "2560"]
[Annotator "Konikowski,J"]
[PlyCount "110"]
[EventDate "1993.10.24"]
[EventType "team-tourn"]
[EventRounds "9"]
[EventCountry "SUI"]
[SourceTitle "CBM 038"]
[Source "ChessBase"]
[SourceDate "1994.02.01"]
[SourceVersion "1"]
[SourceVersionDate "1994.02.01"]
[SourceQuality "1"]
[WhiteTeam "Switzerland"]
[BlackTeam "Iceland"]
[WhiteTeamCountry "SUI"]
[BlackTeamCountry "ISL"]

1. e4 {Blatny,P} c5 2. Nf3 Nc6 3. d4 cxd4 4. Nxd4 g6 5. c4 Nf6 6. Nc3 d6 7. Be2
Bg7 8. Be3 O-O 9. O-O a6 $5 (9... Bd7 {Blatny,P} 10. Qd2 Nxd4 11. Bxd4 Bc6 12.
f3 a5 13. b3 Nd7 14. Be3 Nc5 $14) 10. Qd2 (10. f3 Bd7 (10... Nxd4 11. Bxd4 Be6
(11... Qa5 12. Rc1 Bd7 $13) 12. b3 Qa5 13. Rc1 Nd7 (13... Rfc8 14. f4 Nd7 15.
Bxg7 Kxg7 $13) 14. Bxg7 Kxg7 15. Qd4+ f6 16. f4 Rfc8 17. Kh1 Qc5 $13) 11. Qd2
Rb8 (11... Rc8 $142 12. Rac1 Nxd4 13. Bxd4 Bc6 14. Nd5 Nd7 15. Bxg7 Kxg7 16. f4
e6 17. Rc3 exd5 18. exd5 Ba4 19. b3 Bxb3 20. axb3 f5 21. g4 Qb6+ 22. Qe3 Qxe3+
23. Rxe3 Rce8 $15 {Westerinen,H-Larsen,B/1989/}) 12. Rfc1 b5 13. cxb5 Nxd4 14.
Bxd4 axb5 15. b4 Rb7 $6 (15... Ne8 $14) 16. a4 bxa4 17. b5 Ne8 18. Rxa4 Nc7 19.
Bxg7 Kxg7 20. Ra7 $1 $16 {Galliamova,A-Arakhamia,K/Azov/1990/}) (10. Kh1 Bd7 (
10... Nxd4 $6 11. Bxd4 Be6 12. Qd3 $14) 11. f3 Nxd4 12. Bxd4 Qa5 13. a3 (13.
Qd3 Rfc8 14. a3 Be6 $13) 13... b5 14. b4 Qc7 15. cxb5 (15. Bxf6 exf6 16. Nd5
Qd8 17. Rc1 f5 $132) 15... e5 $13) (10. Nc2 Bd7 (10... Rb8 11. f3 Bd7 12. Kh1
Qa5 13. Nd5 b5 14. c5 Be6 15. cxd6 exd6 16. Bd2 Qb6 17. Ndb4 Nxb4 18. Bxb4 Ne8
19. Bc3 Bxc3 20. bxc3 Qc7 21. f4 Qxc3 22. Nd4 Bc4 23. Nc6 Bxe2 $19 {D'Amore,
C-Polgar,Zsu/Rom/1989/}) 11. Qd2 Re8 12. f3 Rc8 13. Rac1 Qa5 14. Rfd1 Ne5 15.
Na3 h5 16. Kf1 Ba4 17. Re1 Bc6 18. Nd5 Qxd2 19. Bxd2 Nfd7 20. b4 e6 21. Ne3 Nb6
22. h3 Bh6 23. c5 dxc5 24. Rxc5 Rcd8 25. Bc1 Nd3 26. Bxd3 Rxd3 27. Nec4 Nxc4
28. Nxc4 Bf8 $17 {Anand,W-Larsen,B/Paris/1992/}) 10... Nxd4 11. Bxd4 Be6 12. f4
(12. f3 Qa5 13. Rad1 Rfc8 14. b3 b5 15. f4 (15. cxb5 axb5 16. Bxb5 $2 Rxc3 $17)
(15. Nd5 Qxd2 16. Rxd2 Nxd5 17. cxd5 Bd7 $15) 15... bxc4 16. f5 Nxe4 $1 (16...
Bxf5 17. exf5 gxf5 18. b4 Qxb4 19. Rxf5 (19. Bxf6 $5 Bxf6 20. Nd5 Qc5+ 21. Kh1
$16) 19... e5 20. Be3 Nd7 (20... Rab8 21. Rxf6 $1) 21. Bf3 Rab8 22. Bh6 Bxh6
23. Qxh6 Nf8 24. Nd5 Qc5+ 25. Kh1 $18) 17. Nxe4 Qxd2 18. Rxd2 Bxf5 (18... gxf5
19. Bxg7 Kxg7 20. Ng5 cxb3 21. Nxe6+ fxe6 22. axb3 $14) 19. Bxg7 Kxg7 (19...
Bxe4 20. Bh6 c3 21. Rd4 $14) 20. Ng5 (20. Nxd6 exd6 21. Bxc4 Rd8 22. Rfd1 a5
23. Rxd6 Rxd6 24. Rxd6 Ra7 25. Kf2 $14) 20... f6 21. Nf3 Be6 22. Nd4 Bf7 23.
Bf3 $6 (23. Bg4 $1 f5 24. Bxf5 gxf5 25. Nxf5+ Kh8 26. Nxe7 Rf8 27. Rdf2 $16)
23... d5 24. bxc4 (24. Bg4 $5) 24... Rxc4 25. Bg4 f5 26. Bxf5 gxf5 27. Nxf5+
Kh8 28. Nxe7 Be6 29. Rf6 Re4 30. Nc6 Kg7 31. Rf3 Rf8 32. Rg3+ Kh6 33. h3 Rf6
34. Nd4 Bf7 35. Kh2 Bg6 36. Rb3 Re7 37. g4 Be4 38. Re2 Ref7 39. Kg3 $14 {
Kamsky,G-Andersson,U/Tilburg/1990/}) 12... Bd7 (12... Qa5 $5 13. Rad1 (13. b4
Qxb4 14. Rab1 Nxe4 $1 15. Rxb4 Nxd2 16. Bxg7 Kxg7 17. Rd1 Nxc4 18. Bxc4 Bxc4
19. Rxc4 Rfc8 $13) 13... b5 (13... Rac8 {Blatny,P} 14. b3 b5 15. f5 $1 Bd7 16.
Bxf6 $1 Bxf6 17. Nd5 Qxd2 18. Nxf6+ Kg7 (18... exf6 19. Rxd2 $16) 19. Rxd2 Kxf6
20. fxg6+ Kxg6 21. e5 $1 $16) 14. Nd5 (14. Bxf6 Bxf6 15. Nd5 Qxd2 16. Nxf6+ Kg7
17. Rxd2 Kxf6 18. cxb5 axb5 19. a3 $10) 14... Qxd2 15. Nxe7+ Kh8 16. Rxd2 Nxe4
17. Bxg7+ Kxg7 18. Rd4 $13) (12... b5 $6 {Blatny,P} 13. cxb5 axb5 14. Bxb5 Qa5
15. Qd3 $1 $16) 13. Rad1 Bc6 14. Qe3 (14. Bf3 $5 {Blatny,P /\e5}) 14... Nd7 (
14... Qa5 $5) 15. Bxg7 (15. e5 $6 {Blatny,P} dxe5 16. fxe5 e6 {/\Qc7}) 15...
Kxg7 16. b4 Qb6 17. Qxb6 Nxb6 18. e5 (18. Kf2 $5) (18. Kf2 {Blatny,P} Rac8 19.
Ke3 (19. b5 $2 axb5 20. cxb5 Bd7 {/\Rc5,Rfc8-/+ _|_}) 19... f5 $5 $132) 18...
dxe5 19. fxe5 Rfd8 20. Kf2 Rac8 (20... Nd7 $4 {Blatny,P} 21. b5 $18) 21. g3 h5
(21... Nd7 $2 22. b5 (22. Bg4 $8 {Blatny,P} h5 23. Bh3 e6 24. Rfe1 $10) 22...
axb5 (22... Bxb5 $1 $17) 23. cxb5 Bg2 24. Kxg2 Rxc3 25. Bf3 Rc5 26. a4 Rxe5 27.
Bxb7 {/\ Bc6+-}) 22. Rxd8 Rxd8 23. Ke3 f6 (23... Nd7 $2 {Blatny,P} 24. b5 Bg2
25. Rd1 $16 Kf8 26. bxa6 bxa6 27. c5 $1 e6 $1 (27... Ke8 28. e6 $1 (28. Bxa6
Nxe5 (28... Nxc5 $2 29. Bb5+ Nd7 30. Ne4 Bxe4 (30... Bh3 31. Nc5 $18 {Pa}) 31.
Kxe4 e6 32. Kf4 $1 Ke7 33. Rxd7+ Rxd7 34. Bxd7 Kxd7 35. Kg5 {/\a4+-}) 29. Bb5+
Bc6 30. Rxd8+ Kxd8 31. a4 $13) 28... fxe6 29. Bxa6 Bc6 (29... Nxc5 30. Bb5+ Nd7
31. Ne4 Bxe4 32. Kxe4 $18) 30. Nb5 (30. Bd3 $5) 30... Rb8 31. Nc7+ Kf7 32. Rf1+
Nf6 33. Bc4 $16) 28. Rd6 Ke7 29. Rxa6 Nxc5 30. Ra5 $16 {_|_}) 24. exf6+ exf6
25. Rd1 Re8+ (25... Rxd1 26. Nxd1 Kf7 $10) 26. Kf2 Rc8 27. c5 Nd7 28. a4 Ne5
29. b5 axb5 30. axb5 Bd7 31. Na4 Be6 (31... Bf5 $5) (31... Bf5 $142 {Blatny,P}
32. Rd5 $14) 32. c6 bxc6 (32... Bb3 {Blatny,P} 33. Nb6 $1 (33. cxb7 Rb8 34. Rd4
Bxa4 35. Rxa4 Rxb7 $14) 33... Bxd1 (33... Re8 34. c7 $1 $18) 34. Nxc8 bxc6 $8
35. Bxd1 cxb5 36. Nd6 {+/-/+- _|_}) 33. Nc5 Bc4 (33... Kf7 {Blatny,P} 34. b6 {
/\b7,Ra1+-}) 34. b6 Bxe2 35. Kxe2 Re8 36. Kf2 (36. Kf1 $5 {Blatny,P}) 36... Kf7
(36... Ng4+ {Blatny,P} 37. Kg1 Re2 38. Rb1 $1 Nxh2 39. b7 Nf3+ 40. Kf1 Rd2 41.
Rb3 $18) 37. b7 Ke7 38. Na6 (38. Ra1 {Blatny,P} Rb8 39. Ra8 Nd7 $8 40. Ke3 $1
$18 {_|_}) 38... Nd7 39. Re1+ Kf7 40. Rxe8 Kxe8 41. b8=Q+ Nxb8 42. Nxb8 c5 43.
Na6 c4 44. Nc7+ (44. Ke3 Ke7 45. Kd4 (45. Nc5 {Blatny,P} Kd6 46. Kd4 c3 47.
Ne4+ Ke6 48. Kxc3 Kf5 49. Nf2 $18) 45... Ke6 46. Nc5+ Kf5 47. h3 h4 48. gxh4
Kf4 49. Ne4 c3 50. Nxc3 Kg3 $10) 44... Kd7 45. Nd5 Ke6 46. Nf4+ Kf5 47. Ke3 (
47. Kf3 $1 {Blatny,P} g5 (47... c3 48. Nd5 $18) (47... Kg5 48. Nd5 h4 49. g4 f5
50. gxf5 gxf5 51. h3 $18) 48. Nxh5 c3 49. g4+ Ke5 50. Ng3 c2 51. Ne2 Kd5 52.
Ke3 Ke5 53. h3 f5 54. gxf5 c1=Q+ 55. Nxc1 Kxf5 56. Kf3 $18) 47... c3 48. Kf3 (
48. Ne2 {Blatny,P} c2 49. Nd4+ Kg4 50. Nxc2 Kh3 51. Kf3 Kxh2 52. Ne3 f5 $1 53.
Ng2 g5 54. Kf2 Kh3 $10) 48... c2 49. Nd3 Kg5 50. h3 h4 51. g4 f5 52. gxf5 Kxf5
53. Nc1 g5 54. Ne2 g4+ 55. hxg4+ Kg5 1/2-1/2

[Event "Wch U20"]
[Site "Medellin"]
[Date "1996.??.??"]
[Round "10"]
[White "Kempinski, Robert"]
[Black "Tirard, Hugo"]
[Result "0-1"]
[WhiteElo "2510"]
[BlackElo "2395"]
[Annotator "Konikowski,J"]
[PlyCount "56"]
[EventDate "1996.11.??"]
[EventType "swiss"]
[EventRounds "13"]
[EventCountry "COL"]
[SourceTitle "CBM 057"]
[Source "ChessBase"]
[SourceDate "1997.04.01"]
[SourceVersion "1"]
[SourceVersionDate "1997.04.01"]
[SourceQuality "1"]

1. d4 Nf6 2. c4 g6 3. Nc3 Bg7 4. e4 d6 5. Nf3 O-O 6. Be2 c5 7. O-O (7. d5 $5)
7... cxd4 8. Nxd4 Nc6 $5 (8... Nbd7 9. Be3 Re8 10. f3 b6 11. a4 a5 12. Qd2 Bb7
13. Ndb5 Nc5 14. Bd1 Nfd7 15. Bc2 Ne5 16. b3 Nc6 17. Rad1 Nb4 18. Rfe1 Bc6 19.
Nd4 Rc8 20. Bf2 Qd7 21. Re2 Qb7 22. Nd5 Nxc2 23. Qxc2 e6 24. Nc3 Be5 25. Ndb5
Qb8 $13 {Vilela,JL-Fernandez,JC/ Havanna/1983/}) (8... a6 9. Be3 b6 10. f3 (10.
Rc1 Bb7 11. f3 Nbd7 12. Qd2 Rc8 13. Rfd1 e6 14. b3 Qc7 15. Kh1 Rfd8 16. Bf1 Qb8
17. Qf2 h6 18. Nde2 Ba8 19. Ng3 Kh7 20. Rc2 Bf8 $13 {Ostrowski,L-Johanson,D/
Österreich/1993/}) 10... Bb7 11. Qd2 Re8 12. Rfd1 Nbd7 13. Rac1 Rc8 14. Bf1 e6
15. b4 (15. Bh6 Bxh6 16. Qxh6 Rc5 17. Qd2 Ne5 18. Na4 Rc8 19. Qb4 Nfd7 20. Kh1
d5 21. exd5 exd5 22. cxd5 Rxc1 23. Rxc1 Bxd5 24. Bxa6 Qh4 25. Qd2 Bc4 26. Bb7
Nd3 27. Be4 Nxc1 28. Qxc1 Qf2 $19 {Wegner,H-Tatenhorst,V/Hamburg/1993/}) 15...
Qe7 16. Re1 Ne5 17. Na4 Qc7 18. Nb3 Nfd7 19. Qf2 Qb8 20. Nxb6 Nxb6 21. Bxb6 d5
$44 {Schmidt,W-Johansen,D/Novi Sad/1990/}) (8... e6 9. Ndb5 a6 10. Nxd6 Qe7 11.
Nxc8 Rxc8 12. Be3 Nc6 13. Rc1 Ne5 14. b3 Rd8 15. Qc2 Rd7 16. Na4 Rdd8 17. Bb6
Rdc8 18. Bd4 Ned7 19. e5 Nh5 20. Qe4 $18 {Vujic,M-Suhartovic/Becici/1993/}) (
8... b6 9. Bg5 Bb7 10. f3 Nc6 11. Nc2 Rc8 12. Qd2 Qd7 13. Rad1 Nh5 14. f4 h6
15. Bh4 Qe6 16. Ne3 Bxc3 17. Qxc3 Qxe4 18. Bf3 Qe6 19. Nd5 g5 20. Bxh5 gxh4 21.
Rfe1 Qf5 22. Rxe7 f6 23. Bf3 {1-0 Gschnitzer,O-Neurohr,S/Deutschland/1994/}) 9.
Be3 Nxd4 10. Bxd4 Be6 11. Rc1 Qa5 12. b3 Nd7 13. Bxg7 Kxg7 14. Qd2 Rfc8 15. f4
f6 16. Kh1 (16. Rcd1 $5 Nc5 17. Bf3 $13) 16... a6 17. Qe3 Rc7 18. h4 (18. f5 $5
Bf7 19. Nd5 Bxd5 20. exd5 Ne5 21. fxg6 hxg6 22. a4 Qc5 23. Qd2 a5 $13) 18... b5
$1 19. Nd5 Bxd5 20. exd5 Nc5 21. f5 (21. Rc2 f5 22. h5 Ne4 23. Bd3 Nf6 $11)
21... Qxa2 22. cxb5 axb5 23. Bxb5 Rb8 24. Bc4 Qb2 25. Rce1 Qe5 26. Qh3 Ne4 27.
Re3 $4 (27. Kg1 $8) 27... Rxc4 $1 28. bxc4 Nf2+ $3 0-1

[Event "Olympiad-23"]
[Site "Buenos Aires"]
[Date "1978.11.08"]
[Round "13"]
[White "Arnason, Jon Loftur"]
[Black "Garcia Martinez, Silvino"]
[Result "0-1"]
[WhiteElo "2470"]
[BlackElo "2435"]
[Annotator "Kovacevic,Vl"]
[PlyCount "104"]
[EventDate "1978.10.25"]
[EventType "team-swiss"]
[EventRounds "14"]
[EventCountry "ARG"]
[SourceTitle "EXT 2000"]
[Source "ChessBase"]
[SourceDate "1999.11.16"]
[SourceVersion "1"]
[SourceVersionDate "1999.11.16"]
[SourceQuality "1"]
[WhiteTeam "Iceland"]
[BlackTeam "Cuba"]
[WhiteTeamCountry "ISL"]
[BlackTeamCountry "CUB"]

{Inf.26/364} 1. e4 c5 2. Nf3 Nc6 3. d4 cxd4 4. Nxd4 g6 5. c4 Bg7 6. Be3 Nf6 7.
Nc3 d6 8. Be2 O-O 9. O-O Bd7 (9... Nd7 10. Re1 Nc5 11. Bf1 Bd7 12. Rc1 Na4 13.
Nxa4 Nxd4 14. Nc3 e5 15. Kh1 Bc6 16. Qd2 f5 17. exf5 Rxf5 18. Nd5 Rf7 19. Bxd4
exd4 20. g3 Qf8 21. f4 Bh8 22. Bg2 $16 {Portisch-Velimirovic/Niksic 1978}) 10.
Rc1 Nxd4 11. Bxd4 Bc6 12. f3 a5 $1 13. b3 Nd7 14. Bxg7 (14. Be3 $142 Nc5 15. a3
$1 Qb6 16. Nb5 $1 $14) 14... Kxg7 15. Kh1 $6 (15. Qd4+ Kg8 16. Rfd1 Qb6 (16...
Nc5 $6 17. e5 $1) 17. Qxb6 Nxb6 18. a3 {/\ b4+/=}) 15... Qb6 $11 {[/\ a4]} 16.
Rb1 Qc5 (16... Qb4 17. Qc1 $1 {/\ a3}) (16... Nc5 17. a3 $1 {/\ b4}) 17. Qc1 $1
f5 18. exf5 Rxf5 19. f4 $6 (19. a3 $1 Nf6 20. b4 axb4 21. axb4 Qd4) 19... Nf6
20. Bf3 $6 (20. a3) 20... Rf8 $15 21. Bxc6 bxc6 22. Qe1 $6 (22. h3 Nh5 $140 23.
Ne2 {/\ g4}) 22... e5 23. Na4 (23. fxe5 $2 Rxf1+ 24. Qxf1 Ng4 $19) 23... Qa7
24. c5 $8 d5 25. fxe5 Rxf1+ 26. Qxf1 Ne4 $1 $17 27. Qe1 Qe7 $40 {>>} 28. Qe3 (
28. Nc3 Nf2+ 29. Kg1 Qxc5) 28... Qxe5 29. Kg1 d4 30. Qd3 (30. Qe2 Rf2) 30...
Nf2 31. Qg3 Qe2 $1 $19 32. Nb6 (32. Qc7+ Rf7 33. Qxc6 Nd1) 32... Nd1 33. h4 $8
Rf1+ 34. Kh2 Qe4 $1 (34... Ne3 $6 35. Nc4 $1 Ng4+ 36. Kh3 Nf2+ 37. Kh2 Rxb1 38.
Qc7+ Kf6 39. Qd6+ Qe6 40. Qxd4+ $13) 35. Nc4 Ne3 36. Nd2 Ng4+ 37. Kh3 Qxb1 $1
38. Qc7+ (38. Nxb1 $2 Nf2+ 39. Qxf2 Rxf2) (38. Nxf1 Qxf1 39. Qxg4 Qf5 $3 40.
Kg3 (40. Qxf5 gxf5 41. Kg3 Kf6 42. Kf3 Ke5 {/\ Kd5}) 40... Qxc5 $19 {_|_})
38... Rf7 39. Qxf7+ Kxf7 40. Nxb1 Ne3 41. Kg3 Ke6 42. Kf3 Kd5 43. Nc3+ Kxc5 (
43... dxc3 44. Kxe3 Kxc5 45. a3 $1 $11) 44. Ne4+ (44. a3 Nc2 45. Ne4+ Kd5 46.
Nf6+ (46. a4 d3 47. Nd2 Kd4) 46... Ke5 47. Nxh7 d3) 44... Kb4 45. g4 Nd5 46. h5
gxh5 47. gxh5 d3 48. h6 Nc3 49. Nd2 Nxa2 50. Ke3 Nc1 51. Nf3 Kc3 52. Ng5 Nxb3
0-1

[Event "Lyon zt"]
[Site "Lyon"]
[Date "1990.??.??"]
[Round "6"]
[White "Lautier, Joel"]
[Black "Koch, Jean Rene"]
[Result "1-0"]
[WhiteElo "2500"]
[BlackElo "2425"]
[Annotator "Lautier,J"]
[PlyCount "69"]
[EventDate "1990.04.??"]
[EventType "tourn"]
[EventRounds "13"]
[EventCountry "FRA"]
[EventCategory "8"]
[SourceTitle "CBM 018"]
[Source "ChessBase"]
[SourceDate "1990.10.01"]
[SourceVersion "1"]
[SourceVersionDate "1990.10.01"]
[SourceQuality "1"]

1. Nf3 c5 2. c4 g6 3. d4 cxd4 4. Nxd4 Bg7 5. e4 Nc6 6. Be3 Nf6 7. Nc3 O-O 8.
Be2 d6 9. O-O Nxd4 $6 10. Bxd4 Bd7 11. Qd3 $1 {N} a6 $6 (11... Bc6 {>=}) 12.
Qe3 $1 Bc6 (12... Ng4 13. Bxg4 Bxg4 14. Bxg7 Kxg7 15. f4 $1 {/\ f5} Bd7 16.
Rad1 Bc6 (16... b5 17. Qd4+ f6 18. c5 $16) (16... Qc7 17. Nd5 Qd8 18. e5 $16)
17. e5 $16) (12... Be6 13. f4 $16) (12... Ne8 13. Bb6 $16) 13. b4 $16 Qb8 (
13... b5 14. cxb5 axb5 15. Bxb5 e5 16. Bb6 Qd7 17. a4 $16) 14. b5 axb5 15. cxb5
Bd7 16. a4 Be6 17. a5 Nd7 (17... Rc8 18. Ra4 $1 $16) 18. Bxg7 Kxg7 19. b6 $1
Nc5 20. Nb5 Na6 $8 (20... Nb3 $2 21. Ra3 $18 {/\ Qc3}) 21. f4 Bd7 22. Nc3 $6 (
22. Nd4 $1 e5 (22... Nc5 23. e5 $18) 23. fxe5 dxe5 24. Rad1 $1 Ba4 (24... Qe8
25. Nf5+ gxf5 26. Qg5+ Kh8 27. Qf6+ Kg8 28. Rd3 f4 29. Rff3 $18) (24... Rd8 25.
Qg5 exd4 26. Qf6+ Kg8 (26... Kh6 27. Rf4 $18) 27. Qxf7+ Kh8 28. Qf6+ Kg8 29.
Bc4+ $18) (24... exd4 25. Qxd4+ Kg8 26. Qxd7 Nc5 27. Qe7 $1 Rxa5 28. Bc4 $18)
25. Nf5+ gxf5 (25... Kh8 26. Qh6 Rg8 27. Nd6 $18) 26. Qg5+ Kh8 27. Qf6+ Kg8 28.
Rxf5 Rd8 29. Rg5+ Kf8 30. Qh8+ Ke7 31. Rxe5+ $18) 22... Bc6 23. f5 Nc5 24. Bc4
Qd8 25. e5 $16 Nd7 (25... f6 26. e6 {/\ Bd5 +/-}) 26. exd6 exd6 27. Bd5 $1 Rc8
28. Rad1 Bxd5 29. Nxd5 $18 Rc5 30. Rf3 $5 (30. f6+ Kh8 31. Qh6 Rg8 32. Ne7 Nxf6
(32... Rh5 33. Qf4 $18) 33. Nxg8 Kxg8 34. Qf4 $18) 30... Re8 31. Qf4 Ne5 32.
Rh3 h5 33. f6+ Kh7 34. Qg5 Re6 35. Rxh5+ 1-0

[Event "Moscow Aeroflot op-A 10th"]
[Site "Moscow"]
[Date "2011.02.10"]
[Round "3"]
[White "Lenic, Luka"]
[Black "Le, Quang Liem"]
[Result "0-1"]
[WhiteElo "2613"]
[BlackElo "2664"]
[Annotator "Le Quang Liem"]
[PlyCount "84"]
[EventDate "2011.02.08"]
[EventType "swiss"]
[EventRounds "9"]
[EventCountry "RUS"]
[SourceTitle "CBM 141"]
[Source "ChessBase"]
[SourceDate "2011.03.17"]
[SourceVersion "1"]
[SourceVersionDate "2011.03.17"]
[SourceQuality "1"]

{This game was played in the third round of the tournament. We were the only
players managed to have a perfect score after the first two rounds. So the
game was quite tense, because both sides would like to take the sole lead.} 1.
Nf3 g6 2. c4 Bg7 3. e4 c5 4. d4 cxd4 5. Nxd4 Nc6 6. Be3 Nf6 7. Nc3 {After some
unusual starting moves, we reach a theoretical position of the Sicilian
Maroczy, often seen via the Accelerated Dragon opening.} O-O (7... Ng4 8. Qxg4
Nxd4 9. Qd1 {is an alternative.}) 8. Be2 d6 9. O-O Bd7 10. Rc1 ({More popular
is} 10. Qd2) 10... Nxd4 11. Bxd4 Bc6 12. f3 Nd7 13. Be3 (13. b4 $5 {deserves
attention} Bxd4+ 14. Qxd4 Qb6 15. Qxb6 Nxb6 16. e5 $1 {This is the point of
White's 13th move.} Rfd8 (16... dxe5 17. b5 Be8 18. c5 Nc8 19. Rfd1 $14) 17.
exd6 exd6 18. Rfd1 {White has a slight, but stable advantage thanks to his
space and Black's weak d6-pawn.}) 13... a5 14. b3 Nc5 15. Qd2 Qb6 {Black
equalises easily. Now Black plans ...Rfc8, followed by...Qb4 or...a4} 16. Nb5 {
White wants to prevent Black's aforementioned plan. But on the other hand, the
knight is not very well placed on b5 now.} (16. Rc2 {may be a good try} Rfc8
17. Rb1 Qb4 18. Qc1) (16. Nd5 {gives White nothing} Bxd5 17. cxd5 Qb4 18. Rc2
Rfc8 19. Rfc1 Qxd2 20. Bxd2 Bd4+ 21. Kf1 Kg7 $11) 16... Rfc8 (16... Bxb5 {
is hardly good for Black, because after} 17. cxb5 Rfc8 18. Bc4 {White's
light-squared bishop becomes powerful, while it is still unclear what Black is
going to do.}) 17. Kh1 Qd8 {The queen an achiev nothing on b6, so it comes
back. Black would love to exchange the dark-squared bishops, since it would
make Black's play easier. To achieve that, Black has to go for h5, Kh7, Qf8
and then Bh6.} 18. Nd4 {White's knight stays in the centre, but it can do
nothing there. Also, it can not go to d5 if necessary.} Bd7 19. Rfd1 {It's not
easy to suggest a good plan for White here, although he has a space advantage.
Normally White tries to play on the queenside with Rb1, a3, b4. But even then
Black can exchange on b4 and play ...Ne6. After all it should be around equal.}
h5 20. Bf1 Kh7 21. Ne2 Bc6 22. Nf4 Bh6 {After a series of piece manoeuvres,
both sides seemed to have accomplished what they wanted.} (22... Qb6 23. Nd3
Qc7 $11) ({I did not like} 22... Qf8 {beause after} 23. Nd5 Bxd5 24. exd5 Bh6 {
White has} 25. f4 {, thus avoiding the exchange of bishops. Then White can
start the attack on the kingside, which is now weakened by the advance ...
h7-h5.}) 23. Qf2 (23. Nd5 Bxe3 24. Nxe3 (24. Qxe3 Bxd5 25. Rxd5 (25. exd5 Qd7)
25... Qc7 $11) 24... Qb6 $11) 23... Qh8 24. Rc2 Qf6 25. Nd5 (25. Qd2 {
Threatening Nd5} Qg7 (25... Ne6 26. Nd5 Bxd5 27. Bxh6 Bxe4 28. fxe4 g5 29. Bxg5
Qxg5 30. Qxg5 Nxg5 31. e5 $14)) 25... Bxd5 26. Rxd5 (26. exd5 Bxe3 27. Qxe3 Re8
) 26... Bxe3 (26... Nxe4 27. fxe4 Bxe3 28. Qxf6 exf6 29. Rxd6 {looks very
drawish to me.}) 27. Qxe3 {As a rule, if Black manages to exchange the
dark-squared bishops and give up the light-squared one for White's knight in
this structure, he is fine. Here is an example. Black's knight seems to be
even a bit more active than White's bishop.} Qa1 {Trying to disrupt White's
pieces.} 28. Kg1 Nd7 {Preventing e5 and provoking White's next move.} 29. Qg5
$6 (29. f4 {is stronger, with some attacking chances on the kingside.} Nf6 (
29... Rc5 30. Rd3) 30. Rb5) 29... Nf6 $5 {At first glance it seems that White
gets a pawn for nothing, but actually things are far from obvious. Here it is
about calculation and the judgement of the final position. My opponent perhaps
underestimated Black's potential threats.} 30. Rxa5 Qd4+ 31. Rf2 ({Of course
not} 31. Kh1 $2 Qd1 32. Rc1 (32. Rf2 Qe1 $19) 32... Rxa5 33. Qe3 Qxc1 34. Qxc1
Rxa2 {when Black's rooks are much stronger than White's queen.}) 31... Rc5 32.
Qxc5 dxc5 33. Rxa8 {The forced sequence is over, now it is important to
evaluate the position. White's bishop is too passive, the f2-rook can not move,
the other one can not get back to support it. He can advance the queenside
pawns, but it will take a long time to create a passed pawn there, while Black
can create dangerous threats on the kingside. That said, the advantage is with
Black! Black's queen is perfectly placed on d4, so it is time to make use of
the knight.} h4 $1 {The correct way to start the attack. Now Black has the
threat Nf6-h5-g3-f1(h1). It is almost impossible to find a defensive plan for
White here.} (33... g5 {is met by} 34. g3 g4 35. Be2 {and White escapes from
the pin.}) 34. b4 ({The only way to free the kingside is} 34. g3 {but then
Black has an amazing resource} hxg3 35. hxg3 Nh5 36. g4 (36. Kg2 Qe5 37. f4
Qxe4+) 36... Nf4 37. Ra7 Kh6 $3 {This king manoeuvre is really beautiful,
especially when you find it over the board!} (37... Qa1 38. Rxb7 Nh3+ 39. Kg2
Nxf2 40. Kxf2 Qxa2+ 41. Be2 {gives White reasonable drawing chances.}) 38. Rxb7
Kg5 39. b4 $8 (39. Rb8 Kh4 40. Rh8+ Nh5 $1) 39... Qa1 $1 40. Rh2 (40. bxc5 Nh3+
41. Kg2 Qd4 42. Rbb2 Kh4 43. c6 Qd6 44. Kh1 Nxf2+ 45. Rxf2 Kg3 $19) 40... Qe1
41. Rxe7 Qg3+ 42. Kh1 Qxf3+ 43. Kg1 cxb4 $17) (34. Ra7 $2 Nh5 35. Rxb7 Ng3 $19)
34... cxb4 35. Ra5 Nh5 (35... e6 $1 {is even stronger} 36. g3 Nh5 37. gxh4 (37.
Kg2 h3+ 38. Kg1 Nxg3 $1) 37... Nf4 38. Rb5 Qa1 39. Rxb4 Nh3+ 40. Kg2 Nxf2 41.
Kxf2 Qd4+ 42. Ke2 b6 $17) 36. Rd5 Qe3 37. Rd3 Qa7 {White still can not get out
of the deadly pin. It is only a matter of time until White collapses.} 38. Rd5
Ng3 39. c5 ({If White defends passively} 39. Rdd2 {then Black will step by
step improves his position. The knight just stays on g3 to control all White's
pieces, and finally the black king will join the battle.} e6 40. Rc2 Qd4 41.
Rcd2 Qc5 42. Rc2 Kg7 $17) 39... e6 40. Rd7 (40. Rg5 Nxf1 41. Kxf1 b3 $1 42.
axb3 Qa1+ 43. Ke2 Qb2+ 44. Ke3 Qxb3+ 45. Ke2 Qc2+ 46. Ke3 Qc3+ 47. Ke2 f5 $19 {
White's rook is not lost, but is trapped there for the rest of the game.})
40... Qxc5 41. Rxf7+ Kh6 42. Rxb7 (42. h3 Nxf1 43. Kxf1 Qc1+ 44. Ke2 Qb2+ 45.
Ke3 Qa3+ 46. Ke2 Qxa2+ 47. Ke3 Qa7+ 48. Ke2 b3 $19) 42... Nh1 $1 {The final
move is nice! White suffers heavy material loss and therefore, he resigned.
With this important win I took the lead and managed to keep it till the end of
the tournament.} 0-1